00892 2200205 4500001002100000005001500021035002000036008004100056245003400097100001800131250000600149260003800155300001200193084001400205082000800219650001000227520042500237990001200662990001200674INLIS00000000000086220240607075355 a0010-0524000097240607 1 ind 1 aI Love 24 Jam /cJin Soo Ryeo aSoo Ryeo, Jin a1 aYogyakarta :bSheila/ Andi,c2017 a234 hlm a813 JIN i a813 4aFiksi a Love 24 Jam adalah fiksi sastra jenis novel bergenre romance berlatar belakang negeri Gingseng karangan Jin Soo Ryeo. Terkadang kita bertemu seseorang dan entah kenapa kita langsung tahu: ini cinta. Akan tetapi, kualitas diri Anda yang mengagumkan belum tentu dapat dilihat orang lain dengan mudah. Oleh karena itu, ada baiknya Anda mengetahui beberapa strategi yang memungkinkan seseorang untuk jatuh cinta pada Anda. a0741324 a0741325